000 00958cam a2200217 4500
001 WB3728-19
008 010719n2001 000 0 eng u
035 _a(Sirsi) u113704
245 _aFirms slow to adopt e-product data
260 _c2001
490 _aBuilding
_v266(8193) 13 July 2001, 24(1)
520 _aA recent survey by construction portal, Barbour Index, has shown that the construction industry is slow to abandon the use of hard copy sources of information for sourcing building product information rather than the internet. Respondents claimed hard copy was easier to access and better for finding and comparing products: electronic sources were seen as more up to date.
590 _aWB
650 _aINTERNET
650 _aCONSTRUCTION INDUSTRY
650 _aELECTRONIC INFORMATION
650 _aBUILDING PRODUCTS
650 _aONLINE INFORMATION
690 _aMANAGEMENT-BUSINESS MANAGEMENT-INFORMATION MANAGEMENT
942 _n0
999 _c67744
_d67744